000 00306nam a22001337a 4500
008 171226b xxu||||| |||| 00| 0 eng d
020 _a9780312476687
041 _aeng
080 _a371
100 _a46
101 _aEDU
245 _aRemix reading + composing culture
_cLatterel, C.G
942 _2udc
_cBK
999 _c39373
_d39373